Statistics for Official Languages by Country - Multiple Choice

Click here to take the quiz!

General Stats

  • This quiz has been taken 74 times
  • The average score is 13 of 20

Answer Stats

QuestionAnswer% Correct
MāoriNew Zealand
87%
KhmerCambodia
81%
Serbo-CroatianBosnia and Herzegovina
74%
TamilSri Lanka
73%
ArabicLebanon
69%
XhosaSouth Africa
69%
AmharicEthiopia
68%
SwahiliUganda
65%
SwedishFinland
63%
TagalogPhilippines
63%
GuaraníParaguay
61%
DutchSuriname
61%
RomanshSwitzerland
60%
EnglishBelize
60%
RussianBelarus
58%
QuechuaPeru
58%
KurdishIraq
56%
PersianAfghanistan
56%
CatalanAndorra
52%
FrenchMadagascar
34%

Score Distribution

Percentile by Number Answered

Percent of People with Each Score

Your Score History

You have not taken this quiz